| 000 | 00349nam a22001457a 4500 | ||
|---|---|---|---|
| 008 | 230124b ||||| |||| 00| 0 eng d | ||
| 020 | _a9780321485717 | ||
| 041 | _aeng | ||
| 080 |
_28 EDITION _a574 |
||
| 082 | _a574TIE | ||
| 100 | _a23 | ||
| 101 | _aECONO | ||
| 245 |
_aENVIRONMENTALS NATURAL RESOURCE ECONOMICS _cTIETENBERG T |
||
| 942 |
_2udc _cBK |
||
| 999 |
_c59276 _d59276 |
||